| 000 | 00735nam a22002532a 4500 | ||
|---|---|---|---|
| 001 | 15295 | ||
| 003 | BD-RjUL | ||
| 005 | 20211208235804.0 | ||
| 008 | 140209t1968 enka b 001 0 eng d | ||
| 035 | _a(BD-RjUL)15349 | ||
| 040 |
_aDLC _cDLC _dUKM _dEQO _dBD-RjUL _beng |
||
| 041 | _aeng | ||
| 082 | 0 | 0 |
_a658.15 _bMAF 1968 |
| 100 | 1 |
_aMagee, Charles Ciaran. _947542 |
|
| 245 | 1 | 0 |
_aFinancial accounting and control / _cby C. C. Magee. |
| 260 |
_aLondon : _bAllen & Unwin, _c1968. |
||
| 300 |
_a3-214 p. : _billus. ; _c23 cm. |
||
| 504 | _aIncludes bibliographical reference and index. | ||
| 650 | 0 |
_aAccounting _947543 |
|
| 650 | 0 |
_aFinancial statements _947544 |
|
| 942 |
_2ddc _cBK |
||
| 999 |
_c15295 _d15295 |
||